| 000 | 01298nam a2200253Ia 4500 | ||
|---|---|---|---|
| 999 |
_c56030 _d56030 |
||
| 001 | 23130 | ||
| 003 | GE_BSU | ||
| 005 | 20230713163016.0 | ||
| 008 | 181216s1965||||ge |||||||||||||| ||geo|| | ||
| 040 | _cGE_BSU | ||
| 041 | _ageo | ||
| 080 | _a821.112.2.09 ხ-15 | ||
| 100 |
_aხავთასი, გრიგოლ _91245 |
||
| 245 |
_aნარკვევები გერმანული ლიტერატურის ისტორიიდან. ნაწ. 2 / _bგრიგოლ ხავთასი ; რედ. ვ. პაიკიძე. |
||
| 264 |
_aთბილისი : _bგანათლება, _c1965. |
||
| 300 |
_a461 გვ. : _bპორტრ. _c23 სმ. |
||
| 541 | _h1ლ. 72 თ. | ||
| 653 | _aგოეთეს შემოქმედება XIX საუკუნეში | ||
| 653 | _aიენის რომანტიზმი | ||
| 653 | _a ახალი ეტაპი გერმანული რომანტიზმის განვითარებაში | ||
| 653 | _aნარკვევები გერმანული ლიტერატურის ისტორიიდან. ნაწ. 2 | ||
| 700 |
_aპაიკიძე, ვ. _eრედაქტორი _97826 |
||
| 942 |
_cBK _2udc |
||